00358nam a2200145Ia 4500008004100000020001800041082001600059100001600075245003000091250000600121260003600127300001700163500002400180650000800204230524s9999 xx 000 0 und d a9789382740520 a342.54bACH aN K Acharya 4aThe Constitution of INDIA a8 aHyderabadbAsia law housec2017 a"xlix,460p;" aQuantity Number: 1 aLAW